World spatial metadata standards : scientific and technical descriptions, and full descriptions with crosstable
Αποθηκεύτηκε σε:
| Συγγραφή απο Οργανισμό/Αρχή: | |
|---|---|
| Άλλοι συγγραφείς: | , , |
| Μορφή: | Βιβλίο |
| Γλώσσα: | English |
| Δημοσίευση: |
Oxford, UK; Amsterdam, The Netherlands :
Published on behalf of the International Cartographic Association by Elsevier, ICA; Elsevier,
2006, 2005
|
| Θέματα: | |
| Ετικέτες: |
Προσθήκη ετικέτας
Δεν υπάρχουν, Καταχωρήστε ετικέτα πρώτοι!
|
MARC
| LEADER | 00000nam a2200000 i 4500 | ||
|---|---|---|---|
| 001 | 1/47231 | ||
| 008 | 070702s2005 eng d | ||
| 020 | |a 978-0-08-043949-5 (hbk.) | ||
| 020 | |a 0-08-043949-7 (hbk.) | ||
| 035 | |l 10088586 | ||
| 040 | |a GR-MY-UA |b gre |e aacr | ||
| 041 | 0 | |a eng | |
| 082 | 0 | |a 910.285 |2 (22) | |
| 110 | 2 | |a ICA Commission on Standards for the Transfer of Spatial Data. | |
| 245 | 1 | 0 | |a World spatial metadata standards : |b scientific and technical descriptions, and full descriptions with crosstable / |c the ICA Commission of Spatial Data Standards ; editor Harold Moellering ; associate editor Henri J.G.L. Aalders, Aaron Crane |
| 260 | |a Oxford, UK; Amsterdam, The Netherlands : |b Published on behalf of the International Cartographic Association by Elsevier, |b ICA; Elsevier, |c 2006, 2005 | ||
| 300 | |a xix, 689 σ.; |b διαγρ., πίν.; |c 25 εκ.+ |e Crosstable of National and International Spatial Metadata Standards | ||
| 500 | |a Ανατύπωση, 2006 | ||
| 504 | |a Περιέχει βιβλιογραφία και ευρετήριο | ||
| 650 | 0 | 0 | |a Information storage and retrieval systems |x Geography. |
| 650 | 0 | 0 | |a Geographic information systems |x Standards. |
| 700 | 1 | |a Moellering, Harold. |4 edt | |
| 700 | 1 | |a Aalders, J. C. H. |4 edt |4 asn | |
| 700 | 1 | |a Crane, Aaron. |4 edt |4 asn | |
| 852 | |a INST |b LESVOS |e 20070702 |h 910.285 ICA |p 005100037878 |q 005100037878 |t BK |y 0 | ||
| 852 | |a INST |b LESVOS |e 20070702 |h 910.285 ICA |p 005100037879 |q 005100037879 |t BK |y 0 | ||
| 901 | |a BIBL1-2007-2 | ||
| 909 | |a Λ |b 135419 | ||
| 909 | |a Λ |b 132904 | ||
| 922 | |a 1ΕΛΗ |b 200706 |c ΕΠΕΑΕΚ2/ΤΓ |d ΠΑΠΑΣΩΤΗΡΙΟΥ | ||
| 970 | |a ΒΑΡΚΑ |b ΕΛΕΥΘΕΡΙΑ |z 2007/07/02 | ||